01019nam a2200253 i 45000010005000000030009000050050017000140080041000310200018000720800027000900800027001171000029001442450096001732600033002693000030003024900045003325040032003776500078004096510051004878300053005388520037005919990015006289520122006435967ES-MaACL20230906144741.0890619s1984 fr ||||1| fre d a2-07-023248-4 a7.034:945.632 R."1527" a945.632 R."1527":7.0341 aChastel, André.93816813aLe sac de Rome, 1527 b: du premier Maniérisme a la Contre-Réforme / cAndré Chastel. aParis : bGallimard, c1984. a369 p. : bil. ; c23 cm.1 aBibliothèque illustrée des histoires aBibliografía: p. 333-354.14aObras de arte-xMutilación, destrucción, etc.-zRoma (Ciudad)9138169 4aRoma (Ciudad)-xHistoria-y1527 (Saco)91381701 aBibliothèque illustrée des histoires9177490 aES-MaACLjL-13087 z- Enc. tela. c5967d5967 00104070aATENEOMbATENEOMcDEPO2d2008-01-17eSCl0oL-13087p1006065r2023-02-23 00:00:00w2023-02-23yMONOGRAFIA